1213 1324 1497 1928 1580 1902 1266 1993 1212 1561 1540 1794 1193 1649 1307 1024 1143 1472 1026 1403 1494 1706 1431 1923 1456 1651 1249 1894 1748 1598 1993 1575 1972 1777 1447 1604 1484 1702 1008 1559 1107 1460 1655 1799 1896 1458 1018 1024 1080 1988 1981 1469 1902 1379 1796 1374 1148 1259 1187 1206 1454 1972 1697 1463 1797 1304 1042 1241 1944 1854 1559 1642 1062 1511 1959 1333 1381 1885 1301 1855 1799 1875 1933 1786 1737 1616 1868 1004 1158 1179 1233 1529 1818 1692 1762 1215 1707 1401 1206 BCNSPRNW ULIB Ver.6.0+V

เปลี่ยนเป็นภาษาไทย

Change to English
 แสดงรายละเอียดบรรณานุกรม
  กลับหน้าหลัก

Brief Record : Get Marc (ISO 2709) : E-mail record : QR code < ปิดหน้าต่าง
LEADER : 00000nam 2200000uu 4500
001    13399125530
003     ULIB
008    170622s2559||||th 000 0 tha d
020    ^a9786161810603
040    ^absi
060 04 ^aQV766^bผ331
100 0  ^aผาณิต บุญมาก
245 10 ^aประโยชน์มหัศจรรย์ :^bพริกไทย /^cผาณิต บุญมาก, เรียบเรียง ;จักรพงษ์ นุตาลัย, ถ่ายภาพ
250    ^aพิมพ์ครั้งที่ 1
260    ^aกรุงเทพฯ :^bอมรินทร์สุขภาพ,^c2559
300    ^a78 หน้า :^bภาพประกอบ ;^c21 ซม.
490 1  ^aชุดชีวิตและสุขภาพ ;^vลำดับที่ 199
650  4 ^aพริกไทย
650  4 ^aสมุนไพร
830  0 ^aการดูแลสุขภาพด้วยพริกไทย ;^vลำดับที่ 199.
945    ^p89^l0^i25208
945    ^p89^l0^i25209
995    ^aกัณชพร
999    ^aกัณชพร
รายการนี้ยังไม่มีแท็ก
คุณยังไม่ได้ล็อกอิน คุณสามารถมีกิจกรรมร่วมกับเว็บไซต์ได้ แต่ต้องล็อกอินก่อน ::
  ล็อกอิน

รายการสื่อสารสนเทศ

ลำดับที่ ประเภท เลขเรียก/บาร์โค้ด สถานที่ สถานะ
1. หนังสือสำรอง
หนังสือสำรอง
QV766 ผ331 ฉ.1 
  Barcode: 25208
ห้องสมุดวิทยาเขตนครสวรรค์
►หนังสือทั่วไป:l:General Books
บนชั้น
2. วิทยาศาสตร์การแพทย์ และสุขภาพ
วิทยาศาสตร์การแพทย์ และสุขภาพ
QV766 ผ331 ฉ.2 
  Barcode: 25209
ห้องสมุดวิทยาเขตนครสวรรค์
►หนังสือทั่วไป:l:General Books
บนชั้น

รายการใกล้เคียง
    หัวเรื่อง [พริกไทย]
    หัวเรื่อง [สมุนไพร]

BibComment


ยังไม่เคยถูกคอมเมนท์

คอมเมนท์ทรัพยากรรายการนี้
  คอมเมนท์: ประโยชน์มหัศจรรย..


 Copyright 2026. Bcnsprnw @Library